000 00299nam a22001337a 4500
008 181012b xxu||||| |||| 00| 0 eng d
020 _a9780071799423
041 _aeng
080 _27th
_a610.73
100 _a1
101 _aINF
245 _aNurse's Drug handbook
_cSchull,P.D
942 _2udc
_cBK
999 _c49549
_d49549